000 00857nam a2200229 i 4500
001 70309
003 ES-MaACL
005 20240301062534.0
007 t|
008 040721s1945 sp ||||1| spa d
110 2 _aBiblioteca Nacional (España)
_92188
245 1 0 _aCatálogo de incunables de la Biblioteca Nacional /
_cpublicado por Diosdado García Rojo y Gonzalo Ortiz de Montalván.
260 _aMadrid :
_b[s.n.,
_c1945] (
_fTip. Blass)
300 _aVIII, 622 p., 26 lám. ;
_c25 cm.
500 _aPrecede al tít.: Patronato de la Biblioteca Nacional.
650 0 4 _aIncunables-
_zBiblioteca Nacional (España)-
_vCatálogos.
_913654
700 1 _aOrtíz de Montalván, Gonzalo.
_987600
700 0 _aGarcía Rojo, Diosdado.
_955209
852 _aES-MaACL
_jE-2281
_bR.23159
852 _aES-MaACL
_jB-10718
_bR.23304
999 _c70309
_d70309